South Eastern Kenya University

Library Online Public Access Catalogue


Biotechnology (Record no. 541)

MARC details
000 -LEADER
fixed length control field 00436nam a22001577a 4500
020 ## - ISBN
International Standard Book Number 9788123915425
050 ## - LIBRARY OF CONGRESS CALL NUMBER
Classification Number TP248.215
Item Number .F86 2005
100 ## - MAIN ENTRY--Author
Personal name Michael Fumento
245 ## - TITLE
Title Biotechnology
Remainder of title How it is changing our world
250 ## - EDITIONSTATEMENT
Edition statement 1st Edition
260 ## - PUBLICATION, DISTRIBUTION, ETC.(IMPRINT)
Place of publication, distribution, etc Mumbai
Name of publisher, distributor, etc Jaico Publishing House
Date of publication, distribution, etc 2005
300 ## - PHYSICAL DESCRIPTION
Extent ix;510p.
500 ## - GENERALNOTE
General note Includes Index
650 ## - SUBJECT--TOPIC
Topical term following geographic name as entry element Biotechnology, Genetic engineering
Form subdivision book
General subdivision hard cover
942 ## - ADDED ENTRY ELEMENTS(KOHA)
Koha item type General circulation
Holdings
Source of classification or shelving scheme Not for loan Location (home branch) Sublocation (holding branch) Date accessioned Cost, normal purchase price Full call number Barcode Copy number Cost, replacement price Nonpublic note Koha item type
Library of Congress Classification   Main Campus Library Main Campus Library 06/08/2014 476.76 TP248.215 .F86 2005 2019/024691 C.1 976.00 BONNIE General circulation
Kitui, Kenya.
+254736116989
library@seku.ac.ke